000 00588nam a2200229Ia 4500
003 OSt
005 20221007071234.0
006 a|||||r|||| 00| 0
007 ta
008 221006b |||||||| |||| 00| 0 eng d
024 _a17,122
037 _cTextual
040 _aFLL
_cFLL
_beng
041 _2eng
_aeng
082 _aXM55.5, K7
100 _aKrekel N.R.A. Au.
_9688391
245 0 _aMergers
260 _aLondon
_bBusiness books ltd. England
_c1967
300 _a184p
_ccm.
942 _hXM55.5, K7
_cTEXL
_2CC
999 _c1142843
_d1142843